| 000 | 00692nam a2200253Ia 4500 | ||
|---|---|---|---|
| 003 | OSt | ||
| 005 | 20221005064640.0 | ||
| 006 | a|||||r|||| 00| 0 | ||
| 007 | ta | ||
| 008 | 221004b |||||||| |||| 00| 0 tam d | ||
| 020 | _c45 | ||
| 024 | _a64199 | ||
| 037 | _cTextual | ||
| 040 |
_aCRL _cCRL _btam |
||
| 041 |
_2tam _atam |
||
| 082 | _aO31,3N210mN36, 31M9 | ||
| 100 |
_aChithraleka Ra. Au. _9604092 |
||
| 245 | 0 | _aLakshmi Soodamani Naavalkal | |
| 260 |
_aMadurai _bMuthuppathippakam India _c1989 |
||
| 300 |
_a364p. _ccm. |
||
| 650 | _aTAMIL LITERATURE | ||
| 942 |
_hO31,3N210mN36, 31M9 _cTEXL _2cc |
||
| 999 |
_c973417 _d973417 |
||